Flora capital / (Registro nro. 16906)
[ vista simple ]
| 000 -CABECERA | |
|---|---|
| Campo de control | 01040cas a2200253 a 4500 |
| 005 - FECHA Y HORA DE LA ULTIMA TRANSACCION | |
| Campo de control | 20180803170117.0 |
| 008 - ELEMENTOS DE LONGITUD FIJA—INFORMACION GENERAL | |
| Campo de control | 991221c19999999ck qr p r 0 0a0spa d |
| 022 ## - ISSN | |
| ISSN | 0124-583X |
| 040 ## - FUENTE DE CATALOGACIÓN | |
| Agencia catalogadora original | hm |
| Agencia transcriptora | hm |
| Agencia Modificadora | CO-BoIAVH |
| 041 0# - IDIOMA | |
| Código de idioma para texto/pista de sonido o título separado | Español |
| 044 ## - PAÍS DE PUBLICACIÓN | |
| País de publicación | Colombia |
| 090 ## - CLASIFICACIÓN LOCAL | |
| Colección | SE |
| 245 00 - MENCION DE TITULO | |
| Título | Flora capital / |
| Mención de responsabilidad | Jardín Botánico de Bogotá José Celestino Mutis |
| 260 ## - PUBLICACION, DISTRIBUCION, ETC. (PIE DE IMPRENTA) | |
| Lugar de publicación, distribución, etc. | Santa Fe de Bogotá : |
| Nombre del editor, distribuidor, etc. | Jardín Botánico de Bogotá José Celestino Mutis, |
| Fecha de publicación, distribución, etc. | 1999-. |
| 300 ## - DESCRIPCION FISICA | |
| Otros detalles físicos | ilustraciones ; |
| Dimensiones | 25 cm. |
| 310 ## - FRECUENCIA ACTUAL DE LA PUBLICACIÓN | |
| Frecuencia actual de la publicación | Trimestral |
| 610 24 - ASIENTO SECUNDARIO DE MATERIA - NOMBRE CORPORATIVO | |
| Nombre corporativo o nombre de la jurisdicción como elemento de entrad | Jardín Botánico de Bogotá José Celestino Mutis |
| Subdivisión de forma | Publicaciones periódicas |
| 650 26 - ASIENTO SECUNDARIO DE MATERIA - TERMINO TEMATICO | |
| Término temático o nombre geográfico como elemento de entrada | Jardines botánicos |
| Subdivisión geográfica | Colombia |
| Subdivisión de forma | Publicaciones periódicas |
| 9 (RLIN) | 87448 |
| 650 24 - ASIENTO SECUNDARIO DE MATERIA - TERMINO TEMATICO | |
| Término temático o nombre geográfico como elemento de entrada | Arboricultura |
| Subdivisión geográfica | Bogotá (Colombia) |
| Subdivisión de forma | Publicaciones periódicas |
| 9 (RLIN) | 87449 |
| 650 26 - ASIENTO SECUNDARIO DE MATERIA - TERMINO TEMATICO | |
| Término temático o nombre geográfico como elemento de entrada | Protección ambiental |
| Subdivisión geográfica | Bogotá (Colombia) |
| Subdivisión de forma | Publicaciones periódicas |
| 9 (RLIN) | 87450 |
| 650 26 - ASIENTO SECUNDARIO DE MATERIA - TERMINO TEMATICO | |
| Término temático o nombre geográfico como elemento de entrada | Botánica |
| Subdivisión geográfica | Bogotá (Colombia) |
| Subdivisión de forma | Publicaciones periódicas |
| 9 (RLIN) | 87451 |
| 710 2# - ASIENTO SECUNDARIO - NOMBRE CORPORATIVO | |
| Nombre corporativo o de jurisdicción como elemento de entrada | Jardín Botánico de Bogotá José Celestino Mutis |
| 9 (RLIN) | 100554 |
| 942 ## - ELEMENTOS ADICIONALES (KOHA) | |
| Sistema de clasificación | Local |
| Tipo de ítem | Periodica o revista |
| Withdrawn status | Lost status | Sistema de Clasificación | Damaged status | No para préstamo | Colección | Fecha publicación (Año) | Volumen revista | Número revista | Inventariado | Ubicación Permanente | Ubicación actual | Fecha de adquisición | Datos de publicación Seriada | Total Checkouts | Número topográfico | Inventario / Código de Barras | Date last seen | Ejemplar | Price effective from | Forma de adquisición | Tipo de material |
|---|---|---|---|---|---|---|---|---|---|---|---|---|---|---|---|---|---|---|---|---|---|
| Local | Hemeroteca | 2000 | 2 | 3 | Inventariado 2017 | Bogotá | Bogotá | 28/11/2017 | Año 2, No 3 | SE | 007232 | 28/11/2017 | Ej. 1 | 28/11/2017 | Donación | Periodica o revista | |||||
| Local | Hemeroteca | 2001 | 3 | 5 | Inventariado 2017 | Bogotá | Bogotá | 28/11/2017 | Año 3, No 5 | SE | 016656 | 28/11/2017 | Ej. 1 | 28/11/2017 | Donación | Periodica o revista | |||||
| Local | Hemeroteca | 2001 | 3 | 6 | Inventariado 2017 | Bogotá | Bogotá | 28/11/2017 | Año 3, No 6 | SE | 038610 | 28/11/2017 | Ej. 1 | 28/11/2017 | Donación | Periodica o revista | |||||
| Local | Hemeroteca | 2009 | 9 | Inventariado 2017 | Bogotá | Bogotá | 28/11/2017 | Número 9 | SE | 059830 | 28/11/2017 | Ej. 1 | 28/11/2017 | Donación | Periodica o revista | ||||||
| Local | Hemeroteca | 2009 | 2 | 2 | Inventariado 2017 | Bogotá | Bogotá | 28/11/2017 | Año 2, No 2 | SE | 007229 | 28/11/2017 | Ej. 1 | 28/11/2017 | Donación | Periodica o revista | |||||
| Local | Hemeroteca | 2008 | 4 | 7 | Inventariado 2017 | Bogotá | Bogotá | 28/11/2017 | Año 4, No 7 | SE | 042893 | 28/11/2017 | Ej. 1 | 28/11/2017 | Donación | Periodica o revista | |||||
| Local | Hemeroteca | 1999 | 1 | 1 | Inventariado 2017 | Bogotá | Bogotá | 28/11/2017 | Año 1, No 1 | SE | 007226 | 28/11/2017 | Ej. 1 | 28/11/2017 | Donación | Periodica o revista | |||||
| Local | Hemeroteca | 2008 | 4 | 7 | Inventariado 2017 | Bogotá | Bogotá | 28/11/2017 | Año 4, No 7 | SE | 038611 | 28/11/2017 | Ej. 2 | 28/11/2017 | Donación | Periodica o revista | |||||
| Local | Hemeroteca | 2000 | 2 | 4 | Inventariado 2017 | Bogotá | Bogotá | 28/11/2017 | Año 2, No 4 | SE | 024429 | 28/11/2017 | Ej. 1 | 28/11/2017 | Donación | Periodica o revista | |||||
| Local | Hemeroteca | 2013 | 13 | Inventariado 2017 | Bogotá | Bogotá | 28/11/2017 | Número 13 | SE | 038992 | 28/11/2017 | Ej. 1 | 28/11/2017 | Donación | Periodica o revista | ||||||
| Local | Hemeroteca | 2011 | 11 | Inventariado 2017 | Bogotá | Bogotá | 28/11/2017 | Número 11 | SE | 042087 | 28/11/2017 | Ej. 1 | 28/11/2017 | Donación | Periodica o revista | ||||||
| Local | Hemeroteca | 2012 | 12 | Inventariado 2017 | Bogotá | Bogotá | 28/11/2017 | Número 12 | SE | 039148 | 28/11/2017 | Ej. 1 | 28/11/2017 | Donación | Periodica o revista |